header

Vocation and social context (Record no. 22747)

MARC details
000 -LEADER
fixed length control field 01194nam a2200313 a 4500
245 00 - TITLE STATEMENT
Title Vocation and social context
260 ## - PUBLICATION, DISTRIBUTION, ETC. (IMPRINT)
Place of publication Leiden ;
-- Boston :
Name of publisher Brill,
Year of publication 2007.
300 ## - PHYSICAL DESCRIPTION
Number of Pages viii, 213 p. :
Other physical details ill.
490 1# - SERIES STATEMENT
Series statement Religion and the social order,
650 #0 - SUBJECT ADDED ENTRY--TOPICAL TERM
Topical Term Vocation.
700 1# - ADDED ENTRY--PERSONAL NAME
Personal name Giordan, Giuseppe.
856 40 - ELECTRONIC LOCATION AND ACCESS
Uniform Resource Identifier http://site.ebrary.com/lib/rucke/Doc?id=10270780

No items available.

© 2026 Rongo University
Contact us: librarian | system librarian | Rongo university